Desarrollo sustentable: estrategia en las empresas para un futuro mejor (Registro nro. 11371)

Detalles MARC
000 -Cabecera
Campo de control de longitud fija 01201nam a22004097a 4500
005 - Fecha y hora de la última transacción
Campo de control 20250729162019.0
008 - Elementos de longitud fija--Información general
Campo de control de longitud fija 181127b2018 xxu||||| |||| 00| 0 spa d
020 ## - International Standard Book Number
Número Internacional Estándar del Libro (ISBN) 9786076229712
041 ## - Idioma
Código de idioma Español
082 ## - Clasificación Decimal Dewey
Número de clasificación 333.72 E74d
100 ## - Entrada principal--Autor personal
Nombre personal Escobedo Guerrero, Gabriela Guadalupe
9 (RLIN) 50860
100 ## - Entrada principal--Autor personal
Nombre personal Andrade Vallejo, María Antonieta
9 (RLIN) 50861
245 ## - Título propiamente dicho
Título Desarrollo sustentable: estrategia en las empresas para un futuro mejor
260 ## - Pie de imprenta
Lugar de publicación, distribución, etc. México
260 ## - Pie de imprenta
Nombre del editor, distribuidor, etc. Alfaomega
260 ## - Pie de imprenta
Fecha de publicación, distribución, etc. 2018
300 ## - Descripción física
Extensión 381 páginas
490 ## - Serie
Título de la Serie Turismo
650 ## - Materia general
Temática (materia general) DESARROLLO SUSTENTABLE
650 ## - Materia general
Temática (materia general) DESARROLLO SOSTENIBLE
650 ## - Materia general
Temática (materia general) SUSTENTABILIDAD
650 ## - Materia general
Temática (materia general) DESARROLLO ECONÓMICO
650 ## - Materia general
Temática (materia general) EMPRESAS VERDES
650 ## - Materia general
Temática (materia general) RECURSOS HÍDRICOS
650 ## - Materia general
Temática (materia general) ENERGÍAS NO RENOVABLES
650 ## - Materia general
Temática (materia general) ENERGÍAS RENOVABLES
650 ## - Materia general
Temática (materia general) RESIDUOS SÓLIDOS
650 ## - Materia general
Temática (materia general) HUELLA ECOLÓGICA
650 ## - Materia general
Temática (materia general) CAMBIO CLIMÁTICO
650 ## - Materia general
Temática (materia general) CONTAMINACIÓN AMBIENTAL
650 ## - Materia general
Temática (materia general) TRANSPORTE SUSTENTABLE
650 ## - Materia general
Temática (materia general) MARKETING ECOLÓGICO
650 ## - Materia general
Temática (materia general) MARKETING SUSTENTABLE
650 ## - Materia general
Temática (materia general) PROYECTOS VERDES
650 ## - Materia general
Temática (materia general) RESPONSABILIDAD SOCIAL EMPRESARIAL
942 ## - Punto de acceso adicional KOHA
Tipo de ítem KOHA Libro
Fuente del sistema de clasificación o colocación Dewey Decimal Classification
Existencias
Signatura completa Código de barras Programa Académico Tipo de ítem
333.72 Es74d 23745 Turismo Libro